| 000 | 00970nam a22002897a 4500 | ||
|---|---|---|---|
| 003 | 0 | ||
| 005 | 20180730155229.0 | ||
| 008 | 0 | ||
| 010 | _aB-106676 | ||
| 020 |
_c275.00 _a8120324668 |
||
| 035 | _aB-106676, B-106688 | ||
| 037 | _bCen Lib/Ret | ||
| 040 |
_aDPL _bEN _c0 |
||
| 082 |
_a005.13 _bFRI |
||
| 100 |
_aFriedman, Daniel P. _936604 |
||
| 245 |
_aEssentials of programming languages / _cby Daniel P.Friedman,Mitchell Wand [and] Christopher T.Haynes |
||
| 250 | _a2nd ed | ||
| 260 |
_aNew Delhi _bPrentice Hall of India _c2001 |
||
| 270 |
_bNew Delhi _aM-97, Connaught Circus _e110001 |
||
| 300 |
_axviii,389p. _c23cm(Hb) |
||
| 500 | _aIncludes bibliographical references and index | ||
| 650 |
_aProgramming languages (Electronic computers) _97920 |
||
| 650 |
_aCOMPUTERS -- Programming Languages -- General _936605 |
||
| 700 |
_aWand, Mitchell _936606 |
||
| 700 |
_aHaynes, Christopher T. _936607 |
||
| 942 |
_2ddc _cEN _h005.13 _mFRI |
||
| 999 |
_c133032 _d133032 |
||